[Event "31st 4NCL Congress"]
[Site "Harrogate, North Yorkshire ENG"]
[Date "2024.01.21"]
[Round "5.6"]
[White "Monk, Carl"]
[Black "Clare, Steve"]
[Result "1-0"]
[WhiteElo "1593"]
[BlackElo "1647"]
[PlyCount "37"]
[EventDate "2024.01.19"]

1. d4 f5 2. Nf3 Nf6 3. Bg5 e6 4. Nbd2 h6 5. Bxf6 Qxf6 6. e4 b6 7. Ne5 g6 8. Be2
h5 9. exf5 exf5 10. Bf3 c6 11. O-O Bb7 12. Re1 Kd8 13. c4 d6 14. Nb3 Kc7 15.
Nd3 Na6 16. Nf4 Bc8 17. Bxc6 Kb8 18. Qf3 Nc7 19. Nd5 1-0

[Event "31st 4NCL Congress"]
[Site "Harrogate, North Yorkshire ENG"]
[Date "2024.01.21"]
[Round "5.7"]
[White "Mitchell, Ian"]
[Black "Jackson, Paul Robert"]
[Result "0-1"]
[WhiteElo "1614"]
[BlackElo "1567"]
[PlyCount "78"]
[EventDate "2024.01.19"]

1. d4 d5 2. Bf4 Bf5 3. Nf3 Nf6 4. h3 e6 5. e3 Bd6 6. Bxd6 Qxd6 7. a3 c6 8. Nbd2
Nbd7 9. c3 h6 10. Be2 O-O 11. c4 Ne4 12. cxd5 cxd5 13. Nxe4 Bxe4 14. O-O Rac8
15. Bd3 Bxd3 16. Qxd3 Rc7 17. Rac1 Rfc8 18. Rxc7 Qxc7 19. Re1 Qc2 20. Qxc2 Rxc2
21. Rb1 Kf8 22. Ne1 Rc7 23. Nd3 Ke7 24. g4 Kd6 25. f4 Rc2 26. Rc1 Re2 27. Re1
Rd2 28. Nf2 Rxb2 29. e4 Rb3 30. e5+ Ke7 31. f5 Rxa3 32. fxe6 fxe6 33. Rb1 b6
34. h4 a5 35. Kg2 Ra4 36. Rd1 b5 37. g5 hxg5 38. hxg5 b4 39. g6 Nf8 0-1

[Event "31st 4NCL Congress"]
[Site "Harrogate, North Yorkshire ENG"]
[Date "2024.01.21"]
[Round "5.8"]
[White "White, Nicholas E"]
[Black "Egan, William J"]
[Result "1/2-1/2"]
[WhiteElo "1591"]
[BlackElo "1635"]
[PlyCount "57"]
[EventDate "2024.01.19"]

1. d4 d5 2. Nf3 Nf6 3. Bf4 e6 4. e3 Bd6 5. Ne5 c6 6. c3 Qc7 7. Nd2 Nbd7 8. Ndf3
Ne4 9. Nxd7 Bxd7 10. Bxd6 Nxd6 11. Bd3 c5 12. Ne5 Bb5 13. O-O Bxd3 14. Qxd3 c4
15. Qd1 O-O 16. f3 b5 17. Re1 Qb7 18. Ng4 a5 19. Qc2 Rae8 20. Nf2 f5 21. e4
fxe4 22. fxe4 e5 23. Rad1 exd4 24. Rxd4 Nf5 25. Rdd1 dxe4 26. Nxe4 Qb6+ 27. Qf2
Qc6 28. Qc2 Qb6+ 29. Qf2 1/2-1/2

[Event "31st 4NCL Congress"]
[Site "Harrogate, North Yorkshire ENG"]
[Date "2024.01.21"]
[Round "5.9"]
[White "Fletcher, Ben J"]
[Black "Morgan, Peter"]
[Result "1/2-1/2"]
[WhiteElo "1347"]
[BlackElo "1398"]
[PlyCount "54"]
[EventDate "2024.01.19"]

1. e4 d6 2. d4 g6 3. Nc3 Bg7 4. Be3 a6 5. Nf3 b5 6. a3 Bb7 7. Bd3 Nd7 8. Qd2
Rc8 9. Ne2 c5 10. c3 cxd4 11. cxd4 Ngf6 12. Ng3 O-O 13. Bh6 Nb6 14. Bxg7 Kxg7
15. O-O e6 16. Ne1 Nc4 17. Qe2 Qb6 18. Nf3 Rc7 19. Bxc4 Rxc4 20. Rfc1 Rfc8 21.
Rxc4 Rxc4 22. e5 Nd5 23. exd6 Qxd6 24. Qe5+ Qxe5 25. dxe5 Rc2 26. b4 Rc3 27.
Ne4 Rc2 1/2-1/2

[Event "31st 4NCL Congress"]
[Site "Harrogate, North Yorkshire ENG"]
[Date "2024.01.21"]
[Round "5.10"]
[White "Webster, Vivien"]
[Black "Oliver, Peter J R"]
[Result "1-0"]
[WhiteElo "1663"]
[BlackElo "1542"]
[PlyCount "97"]
[EventDate "2024.01.19"]

1. d4 Nf6 2. e3 g6 3. Bd3 Bg7 4. Ne2 O-O 5. Nbc3 d5 6. Ng3 Nbd7 7. O-O c5 8.
dxc5 Nxc5 9. Be2 e6 10. b4 Nce4 11. Bb2 Nxg3 12. hxg3 b6 13. Rb1 Bb7 14. a3 Rc8
15. Nb5 a6 16. Nd4 b5 17. Nf3 Ne4 18. Bxg7 Kxg7 19. Qd4+ Kg8 20. Rfc1 Nc3 21.
Bd3 Nxb1 22. Rxb1 Qd6 23. Qf6 Qd8 24. Qf4 Kg7 25. Ng5 h6 26. Qe5+ Kg8 27. Nxe6
fxe6 28. Qxe6+ Rf7 29. Qxg6+ Rg7 30. Qe6+ Kf8 31. Qxh6 Qe7 32. Qh8+ Rg8 33.
Qh6+ Ke8 34. Bg6+ Kd8 35. Bh7 Rg7 36. Bf5 Rc6 37. Qh8+ Kc7 38. Rd1 Rd6 39. Rd4
Rf7 40. Rf4 Rdf6 41. g4 Rf8 42. Qh2 Kb6 43. Rd4 Qd6 44. f4 Rh6 45. Qg3 Rfh8 46.
e4 Rh1+ 47. Kf2 Rc1 48. Qe3 Rxc2+ 49. Rd2+ 1-0

[Event "31st 4NCL Congress"]
[Site "Harrogate, North Yorkshire ENG"]
[Date "2024.01.21"]
[Round "5.11"]
[White "Neil, Graham"]
[Black "Cox, Kevin"]
[Result "0-1"]
[WhiteElo "1619"]
[BlackElo "1589"]
[PlyCount "136"]
[EventDate "2024.01.19"]

1. d4 c5 2. Nf3 Nf6 3. e3 g6 4. c3 cxd4 5. exd4 Bg7 6. Bd3 O-O 7. Bf4 d6 8. h3
Bd7 9. O-O Bc6 10. Re1 Re8 11. Bc2 Qb6 12. Bb3 e6 13. Be3 Nd5 14. Bc1 Nd7 15.
Na3 N7f6 16. Nc4 Qc7 17. Ne3 a6 18. Nxd5 Nxd5 19. Bd2 b5 20. a4 Qb7 21. a5 Nf6
22. Bf4 Bxf3 23. gxf3 d5 24. Qd2 Nh5 25. Bh2 Rac8 26. Kg2 Red8 27. Bd1 Qc6 28.
f4 Nf6 29. Bf3 Bh6 30. Qe3 Re8 31. Qe2 Bg7 32. Bg3 Qc4 33. Bh4 Qxe2 34. Rxe2
Nd7 35. Rae1 Kf8 36. Bg3 Nf6 37. Re3 Red8 38. Bh4 Re8 39. Bxf6 Bxf6 40. Kg3
Red8 41. Be2 Rc7 42. h4 Kg7 43. Rg1 h6 44. Kh3 Rh8 45. Bd3 Kf8 46. Be2 Rd7 47.
h5 g5 48. fxg5 Bxg5 49. Rd3 f6 50. Bg4 Re7 51. Re1 Kf7 52. Kg3 Rhe8 53. f4 f5
54. fxg5 fxg4 55. Rf1+ Kg7 56. g6 Rd7 57. Kxg4 Rde7 58. Rdf3 e5 59. dxe5 Rxe5
60. Rf7+ Kg8 61. R1f5 Re4+ 62. Rf4 Re2 63. Rf2 R2e4+ 64. R2f4 Re2 65. Rf2 R2e5
66. Kh4 Re1 67. Rg2 Rh1+ 68. Kg4 Re5 0-1

[Event "31st 4NCL Congress"]
[Site "Harrogate, North Yorkshire ENG"]
[Date "2024.01.21"]
[Round "5.12"]
[White "Fisher, Neal"]
[Black "Carey, Con"]
[Result "1-0"]
[WhiteElo "1697"]
[BlackElo "1490"]
[PlyCount "147"]
[EventDate "2024.01.19"]

1. e4 g6 2. Nf3 Bg7 3. c3 d6 4. d4 Nf6 5. Bd3 Bg4 6. h3 Bxf3 7. Qxf3 e5 8. dxe5
dxe5 9. O-O Nbd7 10. Be3 O-O 11. Bc4 Qe7 12. Na3 c6 13. Bb3 b5 14. Nc2 Nc5 15.
Bxc5 Qxc5 16. Ne3 Rfd8 17. Rfd1 Qb6 18. Ng4 Nxg4 19. Bxf7+ Kh8 20. Qxg4 Qc7 21.
Bb3 Bf6 22. Qe6 Kg7 23. a4 Rab8 24. axb5 cxb5 25. Rxd8 Rxd8 26. Ra6 Bg5 27. Bd5
Kh6 28. g3 Rf8 29. Qd6 Qxd6 30. Rxd6 Rf6 31. Rxf6 Bxf6 32. Bc6 b4 33. cxb4 Be7
34. b5 Bc5 35. Kf1 Kg5 36. Ke2 h5 37. h4+ Kf6 38. f4 Bd6 39. Kf3 Bc7 40. b3 Bd6
41. Be8 Bc7 42. Bd7 Bd6 43. Be8 Bc7 44. f5 g5 45. Bxh5 gxh4 46. gxh4 Ba5 47.
Bg6 Bb4 48. Ke2 Bc5 49. Kd3 Bd4 50. Kc4 Bb2 51. Kd5 Bc1 52. Kd6 Be3 53. Kd7 Bb6
54. h5 Be3 55. Kc6 Bh6 56. Kd7 Be3 57. Kc6 Kg5 58. Kd6 Kf6 59. Kd7 Bd2 60. Kc6
Be3 61. h6 Bxh6 62. b6 axb6 63. Kxb6 Bf8 64. Ka5 Kg5 65. Bf7 Kf4 66. Bd5 Ke3
67. b4 Kd4 68. b5 Kc5 69. Ka6 Bd6 70. b6 Bb8 71. Kb7 Bd6 72. Ka7 Kb5 73. b7
Bc5+ 74. Ka8 1-0

[Event "31st 4NCL Congress"]
[Site "Harrogate, North Yorkshire ENG"]
[Date "2024.01.21"]
[Round "5.13"]
[White "Tunnacliffe, Alan"]
[Black "Pearce, Neville R"]
[Result "1/2-1/2"]
[WhiteElo "1515"]
[BlackElo "1681"]
[PlyCount "157"]
[EventDate "2024.01.19"]

1. e4 c5 2. Nf3 d6 3. Bc4 e6 4. Bb3 Nf6 5. d3 Be7 6. O-O O-O 7. Re1 Nc6 8. c3
b5 9. d4 Bb7 10. Bc2 Qc7 11. Nbd2 Rac8 12. Bd3 c4 13. Bc2 Rfd8 14. Nf1 a5 15.
Qe2 Ba6 16. e5 dxe5 17. dxe5 Nd5 18. Qe4 g6 19. Ng5 b4 20. h4 bxc3 21. bxc3
Nxc3 22. Qf3 Bxg5 23. Bxg5 Nd5 24. Bxd8 Rxd8 25. h5 Nd4 26. Qe4 Nc3 27. Qe3
Nxc2 28. Qxc3 Nxa1 29. hxg6 hxg6 30. Qxa1 Rd3 31. Qc1 c3 32. Qc2 Qd7 33. Qb3
Bb5 34. Rc1 Ba4 35. Qc4 c2 36. Ne3 Rxe3 37. fxe3 Qd2 38. Qf1 Bb5 39. Qe1 Qd3
40. Kh1 Ba4 41. Qxa5 Qd1+ 42. Qe1 Qh5+ 43. Kg1 Qxe5 44. Kf2 Qe4 45. Qc3 Bc6 46.
Rxc2 Qxg2+ 47. Ke1 Qg1+ 48. Kd2 Be4 49. Qc8+ Kh7 50. Rc3 Qf2+ 51. Kc1 Qxa2 52.
Qc5 Qb1+ 53. Kd2 Qb2+ 54. Ke1 Qg2 55. Kd1 g5 56. Qd4 g4 57. Rc4 Bf3+ 58. Kc1
Qf1+ 59. Kb2 Qe2+ 60. Ka3 Bd5 61. Rc8 Qa2+ 62. Kb4 Qb3+ 63. Ka5 Qa3+ 64. Kb6
Qb3+ 65. Ka5 Qa3+ 66. Kb6 Qd6+ 67. Ka5 e5 68. Qc3 Be6 69. Rc6 Qd8+ 70. Kb4 Qb8+
71. Ka5 Qa8+ 72. Kb4 Qb7+ 73. Ka3 Bd7 74. Rc7 Qa6+ 75. Kb2 Qb5+ 76. Kc1 Be6 77.
Rc5 Qf1+ 78. Kb2 Qg2+ 79. Ka3 1/2-1/2

[Event "31st 4NCL Congress"]
[Site "Harrogate, North Yorkshire ENG"]
[Date "2024.01.21"]
[Round "5.14"]
[White "Johnson, Elaine"]
[Black "Cuaresma, Bien"]
[Result "0-1"]
[WhiteElo "1514"]
[BlackElo "1679"]
[PlyCount "68"]
[EventDate "2024.01.19"]

1. e4 d6 2. f4 e5 3. Nf3 exf4 4. d4 g5 5. Bc4 g4 6. O-O Bh6 7. Ne1 Qf6 8. c3 c6
9. Bb3 Ne7 10. Nd3 Ng6 11. e5 dxe5 12. dxe5 Qf5 13. e6 fxe6 14. Nf2 Ne5 15. Bc2
Qh5 16. Ne4 O-O 17. Qe1 Nbd7 18. Nd6 Nc5 19. b4 Ncd7 20. Qe4 Nf6 21. Qe1 Bd7
22. Ne4 Ng6 23. Nc5 Qd5 24. Bxg6 hxg6 25. Bxf4 Bxf4 26. Rxf4 e5 27. Rf1 Bf5 28.
Nxb7 Rae8 29. Nd2 e4 30. Nb3 e3 31. Nd4 Bd3 32. Rxf6 Rxf6 33. Qh4 Ref8 34. h3
Qe5 0-1

[Event "31st 4NCL Congress"]
[Site "Harrogate, North Yorkshire ENG"]
[Date "2024.01.21"]
[Round "5.15"]
[White "Redmond, Nigel"]
[Black "Scorer, David M"]
[Result "1/2-1/2"]
[WhiteElo "1679"]
[BlackElo "1431"]
[PlyCount "27"]
[EventDate "2024.01.19"]

1. d4 Nf6 2. e3 d5 3. Bd3 g6 4. Nd2 Bg7 5. c3 Nbd7 6. f4 c5 7. Ngf3 O-O 8. O-O
c4 9. Bc2 b6 10. e4 dxe4 11. Nxe4 Bb7 12. Nxf6+ Nxf6 13. Ne5 b5 14. Qe1 1/2-1/2

[Event "31st 4NCL Congress"]
[Site "Harrogate, North Yorkshire ENG"]
[Date "2024.01.21"]
[Round "5.16"]
[White "Roberts, Malcolm A"]
[Black "Pitel, Dominik"]
[Result "1/2-1/2"]
[WhiteElo "1671"]
[BlackElo "1518"]
[PlyCount "116"]
[EventDate "2024.01.19"]

1. e4 e5 2. Nf3 Nc6 3. Bc4 Bc5 4. d3 Nf6 5. a3 O-O 6. Nc3 a6 7. O-O b5 8. Ba2
Rb8 9. b4 Be7 10. Nd5 d6 11. Nxe7+ Qxe7 12. h3 Be6 13. Bxe6 Qxe6 14. Ng5 Qe7
15. c3 h6 16. Nf3 Na7 17. Be3 c5 18. Re1 Nc6 19. Qb3 Qc7 20. Nh4 Kh7 21. Nf5
Ne7 22. Ng3 c4 23. dxc4 Qxc4 24. Qxc4 bxc4 25. Red1 d5 26. Bc5 Rfe8 27. Bxe7
Rxe7 28. exd5 Rd7 29. d6 Rbd8 30. Re1 Rxd6 31. Rxe5 Rd1+ 32. Rxd1 Rxd1+ 33. Kh2
Rd3 34. a4 Rxc3 35. b5 axb5 36. axb5 Rb3 37. Rc5 c3 38. Ne2 Ne4 39. Rc7 Nxf2
40. Nxc3 Nd3 41. Ne4 f5 42. Nd6 f4 43. Ne8 Kg8 44. Rd7 Kf8 45. Nc7 Ne1 46. Rd1
Nc2 47. Ne6+ Kf7 48. Nxf4 Rxb5 49. Rd2 Ne3 50. Re2 Nc4 51. g4 g5 52. Ne6 Ne5
53. Nd4 Rd5 54. Nf5 Nf3+ 55. Kg2 Nh4+ 56. Nxh4 gxh4 57. Re3 Rg5 58. Kf3 Rg6
1/2-1/2

[Event "31st 4NCL Congress"]
[Site "Harrogate, North Yorkshire ENG"]
[Date "2024.01.21"]
[Round "5.17"]
[White "Baxter, Martin"]
[Black "Wright, George A"]
[Result "1-0"]
[WhiteElo "1660"]
[BlackElo "1405"]
[PlyCount "73"]
[EventDate "2024.01.19"]

1. g4 d5 2. Bg2 Bxg4 3. c4 Nf6 4. cxd5 Nxd5 5. Qb3 e6 6. Qa4+ Nd7 7. Qxg4 N7f6
8. Qa4+ c6 9. Nc3 Be7 10. Nxd5 exd5 11. Nf3 O-O 12. d3 a5 13. Bd2 b5 14. Qc2
Rc8 15. Bh3 Nd7 16. Rg1 Bb4 17. Bxb4 axb4 18. Qb3 Qe7 19. Bxd7 Qxd7 20. Qxb4 c5
21. Qg4 Qxg4 22. Rxg4 f6 23. Nh4 g6 24. Nf5 Rc7 25. Rc1 b4 26. Nd4 Re8 27. Nb5
Rc6 28. Rxb4 cxb4 29. Rxc6 Rb8 30. Rc5 Rd8 31. e3 f5 32. Nc7 Kf7 33. Nxd5 Rb8
34. Rc7+ Ke6 35. Nf4+ Kd6 36. Rxh7 Rc8 37. Kd2 1-0

[Event "31st 4NCL Congress"]
[Site "Harrogate, North Yorkshire ENG"]
[Date "2024.01.21"]
[Round "5.18"]
[White "Tate, John"]
[Black "Gillett, John"]
[Result "0-1"]
[WhiteElo "1506"]
[BlackElo "1654"]
[PlyCount "61"]
[EventDate "2024.01.19"]

1. e4 e6 2. d4 d5 3. e5 c5 4. c3 Nc6 5. Nf3 Bd7 6. Be2 Nge7 7. O-O Nf5 8. a3
cxd4 9. cxd4 Be7 10. b4 a6 11. Bb2 O-O 12. Nbd2 Rc8 13. Nb3 Nb8 14. Nc5 Bxc5
15. dxc5 b6 16. Rc1 bxc5 17. bxc5 Qa5 18. Qc2 Rc7 19. Qc3 Qa4 20. Qb4 Rfc8 21.
Nd4 Nxd4 22. Bxd4 Bb5 23. Bd1 Qxb4 24. axb4 Bxf1 25. Kxf1 Nc6 26. Bc3 d4 27.
Bb2 Nxb4 28. Bxd4 Nd3 29. Ra1 Nxc5 30. Bxc5 Rxc5 31. f4 0-1

[Event "31st 4NCL Congress"]
[Site "Harrogate, North Yorkshire ENG"]
[Date "2024.01.21"]
[Round "5.19"]
[White "Smith, Jacob"]
[Black "Jackson, Malcolm"]
[Result "1/2-1/2"]
[WhiteElo "1645"]
[BlackElo "1474"]
[PlyCount "46"]
[EventDate "2024.01.19"]

1. e4 e6 2. d3 c5 3. Nf3 h6 4. g3 Nc6 5. c3 d5 6. Nbd2 Nge7 7. Bg2 Ng6 8. Qe2
Be7 9. e5 Qc7 10. d4 c4 11. O-O b5 12. a3 a5 13. h4 Bb7 14. h5 Nf8 15. Nh2
O-O-O 16. Ndf3 Nh7 17. b3 Rdf8 18. bxc4 bxc4 19. Bf4 Kd7 20. Rfb1 Rb8 21. Qc2
Ng5 22. Nd2 Ba6 23. Nhf3 Rxb1+ 1/2-1/2

[Event "31st 4NCL Congress"]
[Site "Harrogate, North Yorkshire ENG"]
[Date "2024.01.21"]
[Round "5.20"]
[White "Robinson, Steve"]
[Black "Buckell, David J"]
[Result "1-0"]
[WhiteElo "1394"]
[BlackElo "1634"]
[PlyCount "41"]
[EventDate "2024.01.19"]

1. Nc3 g6 2. h4 h5 3. Nf3 Bg7 4. d4 Nf6 5. e4 d6 6. Ng5 Nc6 7. Be3 O-O 8. Bc4
e6 9. a3 d5 10. Bd3 dxe4 11. Bc4 Nd5 12. Ncxe4 Nce7 13. Be2 Nf5 14. Qd3 b6 15.
g4 Nfxe3 16. fxe3 a5 17. gxh5 Ba6 18. c4 Qe7 19. hxg6 fxg6 20. Bg4 Kh8 21. h5
1-0

[Event "31st 4NCL Congress"]
[Site "Harrogate, North Yorkshire ENG"]
[Date "2024.01.21"]
[Round "5.21"]
[White "Dee, Neil"]
[Black "Edgar, Barry"]
[Result "1/2-1/2"]
[WhiteElo "1500"]
[BlackElo "1605"]
[PlyCount "44"]
[EventDate "2024.01.19"]

1. e4 c5 2. Nf3 d6 3. Bb5+ Bd7 4. Bxd7+ Nxd7 5. O-O Ngf6 6. Qe2 g6 7. c3 Bg7 8.
d4 O-O 9. Bg5 e5 10. dxe5 Nxe5 11. Nxe5 dxe5 12. c4 h6 13. Bxf6 Qxf6 14. Nc3
Rad8 15. Nd5 Qe6 16. Rad1 f5 17. f3 fxe4 18. fxe4 Rxf1+ 19. Rxf1 Rf8 20. Rxf8+
Bxf8 21. b3 Kg7 22. Qf3 Be7 1/2-1/2

[Event "31st 4NCL Congress"]
[Site "Harrogate, North Yorkshire ENG"]
[Date "2024.01.21"]
[Round "5.23"]
[White "Blower, Trevor R"]
[Black "Maheshwari, Shlok"]
[Result "1-0"]
[WhiteElo "1589"]
[BlackElo "1293"]
[PlyCount "53"]
[EventDate "2024.01.19"]

1. f4 e5 2. d3 d6 3. Nf3 Nc6 4. c3 Nf6 5. g3 Bg4 6. Bg2 Qd7 7. O-O O-O-O 8. Be3
Nd5 9. Bf2 exf4 10. c4 fxg3 11. hxg3 Nb6 12. Nc3 h5 13. Ng5 Ne5 14. a4 Kb8 15.
b4 f6 16. Nge4 Bh3 17. a5 Bxg2 18. Kxg2 Nc8 19. b5 Qg4 20. b6 cxb6 21. axb6
Nxb6 22. Bxb6 axb6 23. Qa4 h4 24. Qa8+ Kc7 25. Nd5+ Kd7 26. Qxb7+ Ke8 27.
Ndxf6+ 1-0

[Event "31st 4NCL Congress"]
[Site "Harrogate, North Yorkshire ENG"]
[Date "2024.01.21"]
[Round "5.25"]
[White "Mackenzie, Nathaniel"]
[Black "Berry, Mike"]
[Result "0-1"]
[WhiteElo "1290"]
[BlackElo "1545"]
[PlyCount "100"]
[EventDate "2024.01.19"]

1. d4 d5 2. Bf4 e6 3. Nf3 c5 4. c3 Nc6 5. e3 c4 6. Qa4 Bd7 7. Qc2 f5 8. b3 cxb3
9. axb3 Nf6 10. c4 Bb4+ 11. Nc3 Ne4 12. Rc1 Nxc3 13. cxd5 Nxd5+ 14. Nd2 Nxf4
15. exf4 Nxd4 16. Qd3 Bxd2+ 17. Kxd2 Qa5+ 18. Ke3 Nc6 19. Rd1 Rd8 20. Qb5 Qxb5
21. Bxb5 a6 22. Bxc6 Bxc6 23. Rxd8+ Kxd8 24. Rd1+ Ke7 25. g3 Bd5 26. b4 Rc8 27.
Rd4 Rc3+ 28. Rd3 Rxd3+ 29. Kxd3 Kd6 30. Kc3 Kc6 31. h3 Kb5 32. h4 h5 33. Kd4
Kxb4 34. Ke5 a5 35. f3 a4 36. g4 hxg4 37. fxg4 fxg4 38. f5 exf5 39. Kxf5 a3 40.
Kg6 a2 41. Kxg7 a1=Q+ 42. Kh6 Qf6+ 43. Kh5 Bf7+ 44. Kxg4 Be6+ 45. Kh5 Bf7+ 46.
Kg4 Qg6+ 47. Kh3 Be6+ 48. Kh2 Qg4 49. h5 Bd5 50. h6 Qg2# 0-1

[Event "31st 4NCL Congress"]
[Site "Harrogate, North Yorkshire ENG"]
[Date "2024.01.21"]
[Round "5.26"]
[White "Matthews, Graham W"]
[Black "Collins, Steve"]
[Result "1-0"]
[WhiteElo "1648"]
[BlackElo "1369"]
[PlyCount "49"]
[EventDate "2024.01.19"]

1. e4 c6 2. Nc3 d5 3. exd5 cxd5 4. d4 Nf6 5. Nf3 a6 6. Ne2 Bg4 7. Ng3 Nc6 8. c3
e6 9. Bd3 Be7 10. h3 Bxf3 11. Qxf3 e5 12. dxe5 Nxe5 13. Qe2 Nxd3+ 14. Qxd3 O-O
15. O-O Re8 16. Bg5 Ne4 17. Bxe7 Rxe7 18. Nf5 Re6 19. Rad1 g6 20. Nh6+ Kg7 21.
Ng4 Rd6 22. Rfe1 h5 23. Rxe4 hxg4 24. Rxg4 Qd7 25. Qd4+ 1-0

[Event "31st 4NCL Congress"]
[Site "Harrogate, North Yorkshire ENG"]
[Date "2024.01.21"]
[Round "5.27"]
[White "Gibson, Stephen"]
[Black "Johnson, Stanley"]
[Result "1/2-1/2"]
[WhiteElo "1532"]
[BlackElo "1408"]
[PlyCount "38"]
[EventDate "2024.01.19"]

1. e4 d5 2. exd5 Nf6 3. Nc3 Nxd5 4. Nxd5 Qxd5 5. Nf3 Bg4 6. Be2 Nd7 7. O-O
O-O-O 8. d4 f6 9. c4 Qh5 10. Bf4 e5 11. dxe5 Nxe5 12. Qb3 Bd6 13. Bg3 Rhe8 14.
Qc3 Qf7 15. c5 Nxf3+ 16. Bxf3 Bxg3 17. Bxg4+ f5 18. Qxg3 fxg4 19. Qxg4+ Kb8
1/2-1/2

[Event "31st 4NCL Congress"]
[Site "Harrogate, North Yorkshire ENG"]
[Date "2024.01.21"]
[Round "5.28"]
[White "Craig, Ian"]
[Black "Simmons, Michael W"]
[Result "1-0"]
[WhiteElo "1424"]
[BlackElo "1167"]
[PlyCount "49"]
[EventDate "2024.01.19"]

1. e4 c5 2. Nf3 d6 3. c3 Nf6 4. Bb5+ Bd7 5. Bxd7+ Nbxd7 6. d3 e5 7. O-O Be7 8.
Re1 O-O 9. Nbd2 Nb6 10. Nf1 Qd7 11. h3 h6 12. Qc2 Rac8 13. Be3 a6 14. Rad1 Qc6
15. Ng3 c4 16. d4 Qa4 17. Qb1 Qc6 18. dxe5 dxe5 19. Nxe5 Qc7 20. Nf3 Nbd7 21.
Qc1 Ne5 22. Nxe5 Qxe5 23. Bf4 Qc5 24. Nf5 Nh5 25. Rd5 1-0

[Event "31st 4NCL Congress"]
[Site "Harrogate, North Yorkshire ENG"]
[Date "2024.01.21"]
[Round "5.29"]
[White "Merry, John D"]
[Black "Pringle, Andrew"]
[Result "1/2-1/2"]
[WhiteElo "1583"]
[BlackElo "1387"]
[PlyCount "76"]
[EventDate "2024.01.19"]

1. e4 c6 2. d4 d5 3. e5 Bf5 4. Nf3 h6 5. Be2 e6 6. Bd2 Nd7 7. Nc3 c5 8. Be3 Qb6
9. Rb1 Rc8 10. Bb5 Qc7 11. O-O Bg4 12. h3 Bxf3 13. Qxf3 a6 14. Bxd7+ Qxd7 15.
Qg4 cxd4 16. Bxd4 Rc4 17. b3 h5 18. Qd1 Rc8 19. Na4 Qc7 20. c3 b5 21. Nb2 Ne7
22. Nd3 Nf5 23. Qe2 Nxd4 24. cxd4 Qc2 25. Qxc2 Rxc2 26. a4 Be7 27. Rbc1 Rxc1
28. Rxc1 Kd7 29. Nc5+ Bxc5 30. Rxc5 Rc8 31. axb5 axb5 32. Rxb5 Rc1+ 33. Kh2 Kc6
34. Rb4 f6 35. f4 h4 36. Rb8 Rd1 37. Rb4 Re1 38. Rb8 Re4 1/2-1/2

[Event "31st 4NCL Congress"]
[Site "Harrogate, North Yorkshire ENG"]
[Date "2024.01.21"]
[Round "5.30"]
[White "Sayer, Ray M"]
[Black "Jones, Mark"]
[Result "1-0"]
[WhiteElo "1686"]
[BlackElo "1381"]
[PlyCount "41"]
[EventDate "2024.01.19"]

1. d4 e6 2. Nf3 b6 3. e3 Bb7 4. c4 Nf6 5. Bd3 d6 6. Nbd2 c5 7. O-O Nc6 8. dxc5
dxc5 9. Ne4 Nb4 10. Nxf6+ Qxf6 11. Be2 Bd6 12. Qxd6 Rd8 13. Qe5 Qg6 14. Qc3 O-O
15. a3 Nc6 16. b3 Ne7 17. Bb2 Nf5 18. Qc2 Rd2 19. Qxd2 Bxf3 20. Bxf3 Nh4 21.
Qe2 1-0

[Event "31st 4NCL Congress"]
[Site "Harrogate, North Yorkshire ENG"]
[Date "2024.01.21"]
[Round "5.31"]
[White "Dearden, Phil"]
[Black "Shortt, John"]
[Result "1/2-1/2"]
[WhiteElo "1562"]
[BlackElo "1398"]
[PlyCount "59"]
[EventDate "2024.01.19"]

1. d4 g6 2. Bf4 Bg7 3. Nf3 d6 4. h3 Nf6 5. Nc3 O-O 6. Qd2 c6 7. Bh6 Nbd7 8.
Bxg7 Kxg7 9. O-O-O b5 10. g4 b4 11. Na4 a5 12. g5 Ne4 13. Qe3 d5 14. Bg2 Nb6
15. Nxb6 Qxb6 16. Nd2 Nxd2 17. Qxd2 a4 18. h4 b3 19. a3 bxc2 20. Qxc2 Rb8 21.
h5 Bf5 22. Qc3 Kg8 23. Bh3 e6 24. Bxf5 exf5 25. hxg6 fxg6 26. Rd2 Rfc8 27. Qc5
Qxc5+ 28. dxc5 Rb3 29. Rd3 Rxd3 30. exd3 1/2-1/2

[Event "31st 4NCL Congress"]
[Site "Harrogate, North Yorkshire ENG"]
[Date "2024.01.21"]
[Round "5.32"]
[White "Saxena, Samidh"]
[Black "Brown, Chris"]
[Result "1/2-1/2"]
[WhiteElo "1096"]
[BlackElo "1471"]
[PlyCount "72"]
[EventDate "2024.01.19"]

1. e4 e5 2. Nf3 Nc6 3. Bc4 Bc5 4. O-O Nf6 5. d3 d6 6. h3 h6 7. c3 O-O 8. Re1 a6
9. Bb3 Ba7 10. d4 Re8 11. Bc2 Bd7 12. Nbd2 exd4 13. cxd4 Nxd4 14. Nxd4 Bxd4 15.
Nf1 Ba7 16. Ng3 Bc6 17. Bf4 Qd7 18. Qf3 Re7 19. Bxh6 gxh6 20. Qxf6 Qe6 21. Qxe6
Rxe6 22. Nf5 Rae8 23. Re2 Bb5 24. Ree1 Bb6 25. Bb3 Rf6 26. g4 Kf8 27. Kg2 Bc6
28. f3 Rg6 29. Bd5 Bxd5 30. exd5 Re5 31. Rxe5 dxe5 32. Re1 f6 33. d6 cxd6 34.
Nxd6 Bd4 35. Nxb7 f5 36. Rc1 fxg4 1/2-1/2

[Event "31st 4NCL Congress"]
[Site "Harrogate, North Yorkshire ENG"]
[Date "2024.01.21"]
[Round "5.33"]
[White "Halpin, David"]
[Black "Coleman, Patrick N"]
[Result "0-1"]
[WhiteElo "1179"]
[BlackElo "1459"]
[PlyCount "82"]
[EventDate "2024.01.19"]

1. e4 c5 2. Nf3 d6 3. Nc3 e6 4. Bc4 Nc6 5. d3 Nf6 6. O-O Be7 7. Re1 O-O 8. a3
a6 9. Ne2 b5 10. Ba2 Bb7 11. Ng3 Ne8 12. Ne2 Bf6 13. Rb1 Ne5 14. Ng3 g6 15. Bh6
Ng7 16. Nf1 Re8 17. Nxe5 Bxe5 18. g3 Qf6 19. Bxg7 Kxg7 20. Re3 Bxb2 21. Qd2
Bxa3 22. Rb3 Bb4 23. c3 Ba5 24. Ra3 Bb6 25. Qe2 Qg5 26. f4 Qe7 27. g4 c4 28. d4
d5 29. Qb2 dxe4 30. Nd2 Qh4 31. h3 Qf6 32. Nxe4 Qxf4 33. Qf2 Qxf2+ 34. Kxf2
Bxe4 35. Rxe4 e5 36. Bb1 exd4 37. Rxe8 d3+ 38. Kg3 Rxe8 39. Ra2 Re3+ 40. Kf4
Rxh3 41. Ke4 Rh1 0-1